| 000 | 00698nam a2200241 i 4500 | ||
|---|---|---|---|
| 001 | 9141 | ||
| 003 | ES-MaACL | ||
| 005 | 20250807210142.0 | ||
| 007 | t| | ||
| 008 | 930519s1992 fr ||||1| fre d | ||
| 020 | _a2-228-88558-4 | ||
| 080 | _a396(=916) | ||
| 100 | 1 |
_aMarkale, Jean. _976911 |
|
| 245 | 1 | 3 |
_aLa femme celte _b: mythe et sociologie / _cJean Markale. |
| 250 | _a[3ª ed.]. | ||
| 260 |
_aParís : _bPayot, _c1992. |
||
| 300 |
_a380 p. ; _c19 cm. |
||
| 490 | 1 | _aPetite Bibliothèque Payot. Documents | |
| 650 | 1 | 7 |
_aMujeres celtas _2embne _915327 |
| 830 | 0 |
_aPetite Bibliothèque Payot. Documents _9228025 |
|
| 852 |
_aES-MaACL _jL-16617 _bR.121191 |
||
| 999 |
_c9141 _d9141 |
||